Κατάλογος Βιβλιοθηκών Mediterranean College

Εισαγωγή στην Κοινωνική Έρευνα (Record no. 6445)

MARC details
000 -LEADER
fixed length control field 01533cam a22002174a 4500
005 - ΗΜΕΡΟΜΗΝΙΑ ΚΑΙ ΩΡΑ ΤΕΛΕΥΤΑΙΑΣ ΕΝΗΜΕΡΩΣΗΣ
Πεδίο ελέγχου 20250605164242.0
008 - FIXED-LENGTH DATA ELEMENTS--GENERAL INFORMATION
Πεδίο ελέγχου σταθερού μήκους 250528s ||||||||||||||||||||||||d
035 ## - SYSTEM CONTROL NUMBER
System control number 21382
020 ## - ISBN
ISBN 9789602187500
040 ## - ΠΗΓΗ ΚΑΤΑΛΟΓΟΓΡΑΦΗΣΗΣ
Φορέας πρωτότυπης καταλογογράφησης MC Athens Campus Library
Γλώσσα καταλογογράφησης Ελληνικά, Μοντέρνα (1453-)
Modifying agency MC Athens Campus Library
Κανόνες περιγραφικής καταλογογράφησης AACR2
245 1# - ΤΙΤΛΟΣ ΚΑΙ ΔΗΛΩΣΗ ΥΠΕΥΘΥΝΟΤΗΤΑΣ
Τίτλος Εισαγωγή στην Κοινωνική Έρευνα
250 ## - EDITION STATEMENT
Edition statement
260 ## - PUBLICATION, DISTRIBUTION, ETC.
Name of publisher, distributor, etc. Κριτική,
Date of publication, distribution, etc. 2011
300 ## - PHYSICAL DESCRIPTION
Extent 808
520 ## - SUMMARY, ETC.
Summary, etc. Μια σύγχρονη εισαγωγή στην κοινωνιολογική έρευνα, σχεδιασμένη ώστε να ενισχύει την αυτενέργεια του φοιτητή. Σημείωμα του Συγγραφέα, Βασικές Αρχές, Έρευνα και Θεωρία, Δόμηση Ενός Ερευνητικού Προγράμματος, Κοινωνική Μέτρηση, Σύνθετα Μέτρα, Δειγματοληψία, Κοινωνικά Πειράματα, Δεγματοληπτική Έρευνα, Έρευνα Πεδίου, Μη Αντιδραστικές Μεθόδοι, Έρευνα Αξιολόγησης, Ανάλυση Ποιοτικών Δεδομένων, Ανάλυση Ποσοτικών Δεδομένων, Βιβλιογραφία Κοινωνικής Έρευνας, Ζητήματα Δεοντολογίας και Πολιτικής, Τυχαίοι Αριθμοί, Γλωσσάρι, Βιβλιογραφία.
700 1# - ΠΡΟΣΘΕΤΗ ΑΝΑΓΡΑΦΗ--ΦΥΣΙΚΟ ΠΡΟΣΩΠΟ
Personal name Babbie Earl
9 (RLIN) 7428
700 1# - ΠΡΟΣΘΕΤΗ ΑΝΑΓΡΑΦΗ--ΦΥΣΙΚΟ ΠΡΟΣΩΠΟ
Personal name Ζαφειρόπουλος Κώστας
942 ## - ADDED ENTRY ELEMENTS (KOHA)
Koha item type Books
Holdings
Τύπος τεκμηρίου Βιβλιοθήκη Τρέχουσα τοποθεσία Barcode Αριθμός εισαγωγής Ημερομηνία απόκτησης Ταξιθετικό σύμβολο Αριθμός αντιτύπου Κατάσταση απόσυρσης Κατάσταση χαμένου Κατάσταση κατεστραμμένου Μη δανεισμός Σύνολο δανεισμών Ημερομηνία τελευταίας εμφάνισης Η τιμή ισχύει από
Books MC Athens Campus Library MC Athens Campus Library 9780000064448 5744 05/06/2025 300.72 BAB 1           05/06/2025 05/06/2025

MC Athens Campus Library
Πατησίων 94 & Κοδριγκτώνος 13, 104 34
Πελλήνης 8 & Πατησίων 107, 112 51
Τ: +30 210 8899600

MC Thessaloniki Campus Library
Ίωνος Δραγούμη 21, 54625 | Ίωνος Δραγούμη 15, 54625
Τ: +30 2310 287779 – Τ: +30 2314 440300